000 01513nam a22004337a 4500
001 000095613
003 CHAP
005 20220817044109.0
008 060427d2005 mx r 00110 spa d
010 _a92079
011 _a93051
020 _a9680202003
035 _a103622
040 _cCHAP
082 0 4 _a630.71
_bC5
100 0 0 _aCastro Flores, Ranulfo.
_920357
245 1 3 _aLa educación agrícola para el desarrollo rural sustentable, en el centro del debate /
_c/ed. por Ranulfo Castro Flores, Susana Córdova Santamaría.
260 _aChapingo, Méx. :
_bUACH.,
_c2005.
300 _a232 p.
590 _aBATCH-UPD
_b10
_c20130110
_lUCH01
_h0957
590 _aBATCH-UPD
_b10
_c20130410
_lUCH01
_h0609
590 _aBATCH-UPD
_b10
_c20130914
_lUCH01
_h1048
590 _aBATCH-UPD
_b10
_c20190927
_lUCH01
_h0948
590 _aCONVERSION
_b10
_c20130109
_lUCH01
_h1351
590 _aE11695DGD
_b10
_c20190927
_lUCH01
_h1045
650 1 4 _aDesarrollo rural.
_932067
650 1 4 _aDesarrollo sustentable.
650 1 4 _aEducación agrícola.
_935491
650 1 4 _aUACH
_9115798
650 1 4 _aUACH
_xHistoria.
_9115803
700 1 _aCórdova Santamaría, Susana.
_9135315
901 _aBK
905 _aAlejandra Carrasco M.
942 _cLIBRO
942 _n0
949 _a630.71 C5
_bBC
_cLIBRO
_d33724000986048
_eLIBRO
_h107711
_i103622
_si
949 _a630.71 C5
_bBC
_cLIBRO
_d33724000990776
_eLIBRO
_fc.3
_h108053
_i103622
_sb
949 _a630.71 C5
_bBC
_cUACH
_d33724000986105
_eUACH
_fc.2
_h107712
_i103622
_sb
999 _c92079
_d92079